Población y salud en Mesoamérica /

El propósito de esta investigación es determinar si existe correlación espacial en la fecundidad adolescente en el Gran

Сохранить в:
Библиографические подробности
Главный автор: Chinchilla Arley, Ricardo
Соавтор: Universidad de Costa Rica. Centro Centroaméricana de Población
Другие авторы: ed
Формат: Текст
Опубликовано: San José: Centro Centroamericano de Población. CCP
Предметы:
Метки: Добавить метку
Нет меток, Требуется 1-ая метка записи!

MARC

LEADER 00000 a a2200000 04500
001 32223
003
040
020 |a 9977-15-132-6  
090 |a 201403  
100 |a Chinchilla Arley, Ricardo  
110 |a Universidad de Costa Rica. Centro Centroaméricana de Población  
245 |a Población y salud en Mesoamérica /  |c Ricardo Chinchilla Arley 
260 |a San José:   |b Centro Centroamericano de Población. CCP  
300 |a 538 p.   |b map.  
520 |a El propósito de esta investigación es determinar si existe correlación espacial en la fecundidad adolescente en el Gran  
650 |a TASA DE FECUNDIDAD  
650 |a ADOLESCENTES  
650 |a ANALISIS ESTADISTICO  
650 |a RESULTADOS DE INVESTIGACION  
650 |a TASA DE FECUNDIDAD  
650 |a ADOLESCENTES  
650 |a UBICACION GEOGRAFICA  
650 |a EMPLEO  
650 |a POBREZA  
700 |a ed  
999 |c 17327  |d 17327